| Tag |
First Indicator |
Second Indicator |
Subfields |
| LEADER |
00000cam a2200000 a 4500 |
| 001 |
in00000081822 |
| 005 |
20151008054149.0 |
| 008 |
801119c19791980it a b i00100 eng d |
| 020 |
|
|
|a 9251005001
|
| 035 |
|
|
|a (OCoLC)06954350
|
| 035 |
|
|
|9 AAH9838AM
|
| 040 |
|
|
|a NYG
|c NYG
|d m.c.
|d TXA
|d UtOrBLW
|
| 049 |
|
|
|a TXAM
|c 1 [387461], 2 [387462]
|
| 090 |
|
|
|a SD397.P85
|b P6
|
| 092 |
|
|
|a 634.9723
|b F686, 80-85524
|
| 245 |
0 |
0 |
|a Poplars and willows in wood production and land use /
|c published under the auspices of the International Poplar Commission.
|
| 264 |
|
1 |
|a Rome :
|b Food and Agriculture Organization of the United Nations,
|c 1979
|
| 264 |
|
4 |
|c ©1980
|
| 300 |
|
|
|a xxxii, 328 pages :
|b illustrations (some color) ;
|c 25 cm.
|
| 336 |
|
|
|a text
|b txt
|2 rdacontent
|
| 337 |
|
|
|a unmediated
|b n
|2 rdamedia
|
| 338 |
|
|
|a volume
|b nc
|2 rdacarrier
|
| 490 |
1 |
|
|a FAO forestry series ;
|v no. 10
|
| 500 |
|
|
|a Includes indexes.
|
| 504 |
|
|
|a Bibliography: pages 315-318.
|
| 650 |
|
0 |
|a Poplar.
|
| 650 |
|
0 |
|a Willows.
|
| 650 |
|
0 |
|a Forests and forestry.
|
| 710 |
2 |
|
|a International Poplar Commission.
|
| 830 |
|
0 |
|a FAO forestry series ;
|v no. 10.
|
| 999 |
|
|
|a MARS
|
| 999 |
f |
f |
|s 30db9825-0296-33cc-adcd-90940f775fc2
|i 56fb8676-c58a-3330-8df9-8dede2b807cc
|t 0
|
| 952 |
f |
f |
|p ric
|a Texas A&M University
|b Rellis Campus
|c Joint Library Facility
|d Remote Storage
|t 0
|e SD397.P85 P6
|h Library of Congress classification
|i unmediated -- volume
|m A14806237563
|
| 998 |
f |
f |
|a SD397.P85 P6
|t 0
|l Remote Storage
|